Human resource accounting: with special reference to charitable institutions (Record no. 152902)

MARC details
000 -LEADER
fixed length control field 00390nam a2200133Ia 4500
008 - FIXED-LENGTH DATA ELEMENTS--GENERAL INFORMATION
fixed length control field 161229s9999 xx 000 0 und d
020 ## - INTERNATIONAL STANDARD BOOK NUMBER
International Standard Book Number 8171413463
082 ## - DEWEY DECIMAL CLASSIFICATION NUMBER
Classification number 657.98 MAL/HU
100 ## - MAIN ENTRY--PERSONAL NAME
Personal name Malayendu Saha
245 ## - TITLE STATEMENT
Title Human resource accounting: with special reference to charitable institutions
260 ## - PUBLICATION, DISTRIBUTION, ETC. (IMPRINT)
Name of publisher, distributor, etc. Discovery Publishing House
Place of publication, distribution, etc. New Delhi
300 ## - PHYSICAL DESCRIPTION
Extent xii, 177
942 ## - ADDED ENTRY ELEMENTS (KOHA)
Koha item type Books (General)
Holdings
Withdrawn status Lost status Damaged status Not for loan Home library Current library Date acquired Cost, normal purchase price Total Checkouts Full call number Barcode Date last seen Price effective from Koha item type Public note
        KAU Central Library, Thrissur KAU Central Library, Thrissur 29/12/2016 300.00   657.98 MAL/HU 904211 29/12/2016 29/12/2016 Books (General) Book transferred from CCBM Library ,Acc.No:7367
Kerala Agricultural University Central Library
Thrissur-(Dt.), Kerala Pin:- 680656, India
Ph : (+91)(487) 2372219
E-mail: librarian@kau.in
Website: http://library.kau.in/